भारत के महान साधक / (Record no. 63759)

MARC details
000 -LEADER
fixed length control field 00802nam a22001817a 4500
005 - DATE AND TIME OF LATEST TRANSACTION
control field 2012030502252.0
020 ## - INTERNATIONAL STANDARD BOOK NUMBER
Terms of availability 20.00
International Standard Book Number
035 ## - SYSTEM CONTROL NUMBER
System control number A-241205
037 ## - SOURCE OF ACQUISITION
Source of stock number/acquisition
Stock number dpl
082 ## - DEWEY DECIMAL CLASSIFICATION NUMBER
Classification number 230.35
100 ## - MAIN ENTRY--PERSONAL NAME
Personal name भट्टाचार्य, प्रमथनाथ
245 ## - TITLE STATEMENT
Title भारत के महान साधक /
Statement of responsibility, etc प्रमथनाथ भट्टाचार्य
260 ## - PUBLICATION, DISTRIBUTION, ETC. (IMPRINT)
Place of publication, distribution, etc दरभंगा
Name of publisher, distributor, etc नवभारत प्रकाशन
Date of publication, distribution, etc 1982
270 ## - ADDRESS
Address
City
Postal code
Telephone number
300 ## - PHYSICAL DESCRIPTION
Extent 303पृ.
Dimensions 22सेमी (सजिल्द)
942 ## - ADDED ENTRY ELEMENTS (KOHA)
Institution code [OBSOLETE] dpl
Item type Hindi Books
Call number prefix
Source of classification or shelving scheme Dewey Decimal Classification
Classification part 230.35
Call number suffix भट्टाचा
Holdings
Withdrawn status Lost status Not for loan Collection code Home library Current library Date acquired Cost, normal purchase price Full call number Barcode Cost, replacement price Koha item type
      Non-fiction Sarojini Nagar Sarojini Nagar 05/03/2012 20.00 230.35 भट्टाचा A-241205 20.00 Hindi Books

© Delhi Public Library
Hit Counter
free hit counter